|
|
|
|
| LEADER |
00000nam a2200000Ii 4500 |
| 001 |
DIGUAGANA0012 |
| 003 |
NyNyDIG |
| 006 |
m o d |
| 007 |
cr ||||||||||| |
| 008 |
241206s2020 ck a ob 000 0 spa d |
| 035 |
|
|
|a (OCoLC)1356007863
|
| 040 |
|
|
|a DGITA
|b eng
|e rda
|e pn
|c DGITA
|
| 020 |
|
|
|a 9789585498457
|q (digital)
|
| 020 |
|
|
|z 9789585498440
|q (impreso)
|
| 041 |
0 |
|
|a spa
|b spa
|b eng
|b fre
|
| 043 |
|
|
|a cl-----
|
| 050 |
1 |
4 |
|a HT243.L29 ebook
|
| 245 |
0 |
0 |
|a Sustentabilidad y conciencia ambiental en las ciudades de Abya Yala (Latinoamérica) =
|b Sustainability and environmental awareness in the cities of Abya Yala (Latin America) = Durabilité et conscience environnementale dans les villes d'Abya Yala (Amérique latine) /
|c Luis Gabriel Duquino Rojas, Sylvie Nail (editores) ; traducciones, Nathalie Barrientos (inglés), Paola Lis-Gutiérrez (francés).
|
| 246 |
1 |
|
|i English title on cover:
|a Sustainability and environmental awareness in the cities of Abya Yala (Latin America)
|
| 246 |
1 |
|
|i French title on cover:
|a Durabilité et conscience environnementale dans les villes d'Abya Yala (Amérique Latine)
|
| 264 |
|
1 |
|a Bogotá :
|b Editorial Uniagustiniana,
|c 2020.
|
| 300 |
|
|
|a 1 online resource :
|b illustrations.
|
| 336 |
|
|
|a text
|b txt
|2 rdacontent
|
| 337 |
|
|
|a computer
|b c
|2 rdamedia
|
| 338 |
|
|
|a online resource
|b cr
|2 rdacarrier
|
| 347 |
|
|
|a text file
|2 rdaft
|
| 347 |
|
|
|b PDF
|
| 490 |
1 |
|
|a Colección Ciencias sociales
|
| 504 |
|
|
|a Includes bibliographical references.
|
| 546 |
|
|
|a Text in Spanish with abstract in Spanish, English and French.
|
| 588 |
0 |
|
|a Online resource; title from PDF title page (Digitalia, viewed December 6, 2024)
|
| 650 |
|
0 |
|a Urban ecology (Sociology)
|z Latin America.
|
| 650 |
|
0 |
|a Sustainable urban development
|z Latin America.
|
| 700 |
1 |
|
|a Duquino Rojas, Luis Gabriel,
|e editor.
|
| 700 |
1 |
|
|a Nail, Sylvie,
|e editor.
|
| 700 |
1 |
|
|a Barrientos, Nathalie,
|e translator.
|
| 700 |
1 |
|
|a Lis-Gutiérrez, Jenny-Paola,
|e translator.
|
| 776 |
0 |
8 |
|i Print version:
|t Sustentabilidad y conciencia ambiental en las ciudades de Abya Yala (Latinoamérica).
|d Bogotá : Editorial Uniagustiniana, 2020
|z 9789585498440
|
| 791 |
2 |
|
|a Digitalia (Firm),
|e distributor.
|
| 793 |
0 |
|
|g Digitalia eBook Collection:
|a Editorial Uniagustiniana
|
| 830 |
|
0 |
|a Colección Ciencias sociales (Editorial Uniagustiniana)
|
| 856 |
4 |
0 |
|3 Digitalia Hispánica
|u https://www.digitaliapublishing.com/a/162806/
|
| 910 |
|
|
|a Premium collection: 2024
|